000 01174nam a2200277Ia 4500
003 OSt
005 20221005110653.0
006 a|||||r|||| 00| 0
007 ta
008 221004b |||||||| |||| 00| 0 hin d
020 _a9788126711628 (hbk)
024 _a26699
037 _bGift, 10/05/2016,
_cTextual
040 _aCRL
_cCRL
_bhin
041 _2hin
_ahin
082 _aY15.237, 152P6
100 _aजैतली, ममता
245 0 _aआधी आबादी का संघर्ष
_b राजस्थान में महिला आन्दोलन का इतिहास
246 _aĀdhī ābādī kā sangharṣha: rājasthān mean mahilā āndolan kā itihāsa: ek zalaka
260 _aनई दिल्ली
_bराजकमल प्रकाशन भारत
_c2006
300 _a354पृ0
_ccm.
650 _aभारतीय-लोक साहित्य
700 _a शर्मा, श्रीप्रकाश
942 _hY15.237, 152P6
_cTEXL
_2cc
999 _c1019542
_d1019542